000 00482nam a22001697a 4500
003 IT-RoPau
005 20220918181109.0
008 130626b xxu||||| |||| 00| 0 eng d
040 _cIT-RoPau
100 _aDelpogetto, Fortunato
_9741
245 _aFiori di Campo IV.
260 _aAlbano L.
_bEdizioni "S. Paolo"
_c1994
300 _a200 pp.
_c17 cm
490 _aEdizioni "S. Paolo"
_vIV° Vol.
520 _aIndice Presentazione Prefazione (Poesie varie)
942 _2ddc
_cBK
999 _c98827
_d98827